[Event "Kragero op"]
[Site "Kragero"]
[Date "2020.02.20"]
[Round "3"]
[White "Bergvoll, Mats"]
[Black "Vijayalakshmi, Subbaraman"]
[Result "0-1"]
[WhiteElo "2059"]
[BlackElo "2331"]
[PlyCount "82"]
[EventDate "2020.02.19"]
[EventType "swiss"]
[EventRounds "9"]
[EventCountry "NOR"]
[SourceTitle "CBM 195 Extra"]
[Source "ChessBase"]
[SourceDate "2020.05.31"]
[SourceVersion "1"]
[SourceVersionDate "2020.05.31"]
[SourceQuality "1"]

1. d4 g6 2. c4 Bg7 3. Nc3 d6 4. e4 Nc6 5. Be3 e5 6. d5 Nd4 7. Nge2 Nxe2 8. Bxe2 Ne7 9. 0-0 0-0 10. b4 f5 11. f3 a5 12. a3 f4 13. Bf2 axb4 14. axb4 Rxa1 15. Qxa1 g5 16. c5 h5 17. Nb5 dxc5 18. bxc5 Ng6 19. Qa5 g4 20. fxg4 hxg4 21. g3 fxg3 22. hxg3 Qg5 23. Nxc7 Nf4 24. Qa2 Nh3+ 25. Kg2 Qh6 26. Be1 Rxf1 27. Kxf1 Qe3 28. d6+ Kh8 29. Bc4 Qf3+ 30. Bf2 Qh1+ 31. Ke2 Qxe4+ 32. Kf1 Qh1+ 33. Ke2 Qf3+ 34. Ke1 Qc3+ 35. Ke2 Nxf2 36. Kxf2 e4 37. Qe2 Bd4+ 38. Kg2 Qf3+ 39. Qxf3 gxf3+ 40. Kh2 e3 41. Be6 e2 0-1

[Event "Tromsoesjakken"]
[Site "Tromsoe"]
[Date "2009.10.30"]
[Round "5"]
[White "Rafnung, Skjalg"]
[Black "Bergvoll, Mats"]
[Result "1/2-1/2"]
[WhiteElo "1629"]
[BlackElo "1901"]
[PlyCount "69"]
[EventDate "2009.10.30"]
[EventType "swiss"]
[EventRounds "5"]
[EventCountry "NOR"]
[SourceTitle "EXT 2012"]
[Source "ChessBase"]
[SourceDate "2011.11.24"]
[SourceVersion "1"]
[SourceVersionDate "2011.11.24"]
[SourceQuality "1"]

1. e4 c5 2. Nc3 Nc6 3. f4 e6 4. Nf3 d5 5. exd5 exd5 6. Bb5 Nge7 7. Ne5 a6 8. Bxc6+ Nxc6 9. Nxc6 bxc6 10. d3 Qh4+ 11. g3 Qh3 12. Qe2+ Be7 13. Bd2 Bg4 14. Qf1 Qh5 15. h3 Bf3 16. Rh2 d4 17. Ne4 f5 18. Ng5 Bxg5 19. fxg5 0-0 20. Bf4 h6 21. gxh6 g5 22. Bxg5 Rae8+ 23. Kf2 Qxg5 24. Kxf3 f4 25. g4 Qh4 26. Qf2 Re3+ 27. Kg2 f3+ 28. Kh1 Qe7 29. Rf1 Qe5 30. Qh4 Qf4 31. Rhf2 Kh7 32. Qh5 Re5 33. Qh4 Re3 34. Qh5 Re5 35. Qh4 1/2-1/2

[Event "Tromsoe CC-ch"]
[Site "Tromsoe"]
[Date "2009.??.??"]
[Round "5"]
[White "Bergvoll, Mats"]
[Black "Pedersen, Johnny Karl"]
[Result "1-0"]
[WhiteElo "1859"]
[BlackElo "1271"]
[PlyCount "59"]
[EventDate "2009.09.17"]
[EventType "swiss"]
[EventRounds "9"]
[EventCountry "NOR"]
[SourceTitle "EXT 2024"]
[Source "ChessBase"]
[SourceDate "2023.10.10"]
[SourceVersion "1"]
[SourceVersionDate "2023.10.10"]
[SourceQuality "1"]

1. Nf3 d5 2. d4 Nc6 3. c4 e6 4. Nc3 b6 5. cxd5 exd5 6. Qb3 Nge7 7. Bf4 a6 8. e3 h6 9. Rc1 Be6 10. Bd3 Ng6 11. Bxg6 fxg6 12. 0-0 Bd6 13. Ne2 Ne7 14. Bxd6 Qxd6 15. Nf4 Bf5 16. Qc3 Rc8 17. b4 g5 18. Nd3 0-0 19. Nfe5 Ng6 20. Nxg6 Bxg6 21. Ne5 Be8 22. Rfd1 h5 23. a3 g4 24. Qd3 Bb5 25. Qg6 Qf6 26. Rd2 c5 27. bxc5 bxc5 28. Qxf6 gxf6 29. Ng6 cxd4 30. Rxc8 1-0

[Event "Tromsoe CC-ch"]
[Site "Tromsoe"]
[Date "2009.??.??"]
[Round "8"]
[White "Jessen, Simon Pind"]
[Black "Bergvoll, Mats"]
[Result "1/2-1/2"]
[WhiteElo "1952"]
[BlackElo "1859"]
[PlyCount "88"]
[EventDate "2009.09.17"]
[EventType "swiss"]
[EventRounds "9"]
[EventCountry "NOR"]
[SourceTitle "EXT 2024"]
[Source "ChessBase"]
[SourceDate "2023.10.10"]
[SourceVersion "1"]
[SourceVersionDate "2023.10.10"]
[SourceQuality "1"]

1. d4 d5 2. c4 c6 3. Nf3 Nf6 4. Nc3 dxc4 5. a4 Bf5 6. e3 e6 7. Bxc4 Bb4 8. 0-0 0-0 9. Qe2 Bg6 10. Ne5 Nbd7 11. Nxg6 hxg6 12. Rd1 Qa5 13. e4 Nb6 14. Bb3 Bxc3 15. bxc3 Qxc3 16. Ra3 Qb4 17. Bc2 Qc4 18. Bd3 Qxd4 19. a5 Nbd7 20. Bb2 Qb4 21. Ra2 Qe7 22. Ba3 c5 23. f4 e5 24. f5 gxf5 25. exf5 Nd5 26. Qd2 N7f6 27. Rc2 b6 28. Qe1 Rfe8 29. Bc4 Rad8 30. Rcd2 Nf4 31. Rxd8 Rxd8 32. Rxd8+ Qxd8 33. Qxe5 Qd1+ 34. Bf1 Qd2 35. Bb2 Nd3 36. Bxd3 Qxd3 37. h3 Qe4 38. axb6 Qxe5 39. Bxe5 axb6 40. Bxf6 gxf6 41. Kf2 c4 42. Ke3 b5 43. Kd4 Kg7 44. g4 Kh6 1/2-1/2

[Event "Politiken Cup 28th"]
[Site "Copenhagen"]
[Date "2006.07.28"]
[Round "7"]
[White "Royset, Pal"]
[Black "Bergvoll, Mats"]
[Result "1-0"]
[WhiteElo "2228"]
[BlackElo "2003"]
[PlyCount "47"]
[EventDate "2006.07.22"]
[EventType "swiss"]
[EventRounds "9"]
[EventCountry "DEN"]
[SourceTitle "CBM 113 Extra"]
[Source "ChessBase"]
[SourceDate "2006.09.14"]
[SourceVersion "1"]
[SourceVersionDate "2006.09.14"]
[SourceQuality "1"]

1. e4 c5 2. Nf3 Nc6 3. Bb5 g6 4. 0-0 Bg7 5. Re1 a6 6. Bc4 d6 7. Nc3 Nf6 8. h3 0-0 9. d4 cxd4 10. Nxd4 Bd7 11. Be3 Qc7 12. Bb3 Nxd4 13. Bxd4 e6 14. Qf3 e5 15. Be3 Bc6 16. Rad1 Kh8 17. Bh6 Nxe4 18. Bxg7+ Kxg7 19. Nxe4 f5 20. Ng5 Bxf3 21. Ne6+ Kf6 22. Nxc7 Bxd1 23. Nxa8 Bxc2 24. Nb6 1-0

[Event "Tromsoe Midnight Sun"]
[Site "Tromsoe"]
[Date "2006.06.25"]
[Round "2"]
[White "Johnsen, Gunnar"]
[Black "Bergvoll, Mats"]
[Result "1/2-1/2"]
[WhiteElo "2215"]
[BlackElo "2024"]
[PlyCount "43"]
[EventDate "2006.06.24"]
[EventType "swiss"]
[EventRounds "9"]
[EventCountry "NOR"]
[SourceTitle "CBM 112 Extra"]
[Source "ChessBase"]
[SourceDate "2006.07.14"]
[SourceVersion "1"]
[SourceVersionDate "2006.07.14"]
[SourceQuality "1"]

1. d4 Nf6 2. c4 e6 3. Nc3 Bb4 4. Nf3 0-0 5. Bg5 b6 6. Nd2 Bxc3 7. bxc3 Bb7 8. e4 Qc8 9. Bxf6 gxf6 10. Bd3 d6 11. 0-0 Nd7 12. f4 Kh8 13. Qh5 Qe8 14. Nf3 Rg8 15. Rae1 Rg7 16. Nh4 Qe7 17. Rf2 Rag8 18. h3 Rg3 19. Rf3 Nf8 20. Ree3 R3g7 21. f5 e5 22. d5 1/2-1/2

[Event "Gausdal Elo op"]
[Site "Gausdal"]
[Date "2006.04.23"]
[Round "1"]
[White "Jacobsen, Maria Pitz"]
[Black "Bergvoll, Mats"]
[Result "0-1"]
[WhiteElo "1846"]
[BlackElo "2024"]
[PlyCount "48"]
[EventDate "2006.04.23"]
[EventType "swiss"]
[EventRounds "9"]
[EventCountry "NOR"]
[SourceTitle "EXT 2007"]
[Source "ChessBase"]
[SourceDate "2006.11.23"]
[SourceVersion "1"]
[SourceVersionDate "2006.11.23"]
[SourceQuality "1"]

1. e4 c5 2. Nf3 Nc6 3. Bb5 e6 4. 0-0 Nge7 5. Bxc6 Nxc6 6. c4 d5 7. exd5 exd5 8. Re1+ Be7 9. cxd5 Qxd5 10. Nc3 Qd8 11. a3 0-0 12. d3 b6 13. Be3 Bf6 14. Re2 Bg4 15. Rd2 Bd4 16. h3 Bh5 17. g4 Bg6 18. Ne2 Bxb2 19. Rxb2 Qf6 20. Ned4 Nxd4 21. Nxd4 cxd4 22. Bc1 Rac8 23. Rc2 Rxc2 24. Qxc2 Qf3 0-1

[Event "Nordic School-ch U20"]
[Site "Espoo"]
[Date "2006.02.17"]
[Round "2"]
[White "Dragaberg, Rogvi"]
[Black "Bergvoll, Mats"]
[Result "1/2-1/2"]
[WhiteElo "1839"]
[BlackElo "1976"]
[PlyCount "77"]
[EventDate "2006.02.16"]
[EventType "swiss"]
[EventRounds "6"]
[EventCountry "FIN"]
[SourceTitle "EXT 2007"]
[Source "ChessBase"]
[SourceDate "2006.11.23"]
[SourceVersion "1"]
[SourceVersionDate "2006.11.23"]
[SourceQuality "1"]

1. e4 c5 2. Nc3 Nc6 3. g3 g6 4. Bg2 Bg7 5. d3 e6 6. f4 Nge7 7. Nf3 0-0 8. 0-0 b6 9. Ne2 Bb7 10. c3 d6 11. h3 h6 12. Be3 Kh7 13. g4 f5 14. Qd2 Na5 15. exf5 exf5 16. g5 h5 17. Ng3 Qd7 18. Nh4 Nd5 19. Bf2 Rfe8 20. Bf3 Ne7 21. Bxb7 Nxb7 22. Qd1 Rh8 23. Re1 Rae8 24. Qf3 Nd8 25. Rad1 Ndc6 26. d4 cxd4 27. cxd4 Nb4 28. Re2 Nbd5 29. Rde1 Qa4 30. b3 Qd7 31. Re6 Nc7 32. R6e2 Ncd5 33. Re6 Nc7 34. R6e2 Ncd5 35. Rc1 Rc8 36. Rec2 Rxc2 37. Rxc2 Nb4 38. Re2 Nbd5 39. Re1 1/2-1/2

[Event "Arco op 27th"]
[Site "Arco"]
[Date "2005.10.26"]
[Round "5"]
[White "De Andres Gonalons, Fernando"]
[Black "Bergvoll, Mats"]
[Result "1/2-1/2"]
[WhiteElo "2071"]
[BlackElo "1944"]
[PlyCount "96"]
[EventDate "2005.10.22"]
[EventType "swiss"]
[EventRounds "9"]
[EventCountry "ITA"]
[SourceTitle "EXT 2006"]
[Source "ChessBase"]
[SourceDate "2005.11.24"]
[SourceVersion "1"]
[SourceVersionDate "2005.11.24"]
[SourceQuality "1"]

1. d4 Nf6 2. c4 e6 3. Nf3 b6 4. a3 c5 5. e3 Bb7 6. Nc3 d5 7. cxd5 exd5 8. dxc5 Bxc5 9. b4 Be7 10. Bb5+ Nbd7 11. Bb2 0-0 12. 0-0 a6 13. Be2 a5 14. Qb3 Bd6 15. Rfd1 axb4 16. axb4 Qe7 17. Na4 Bxb4 18. Rab1 Bd6 19. Nxb6 Nc5 20. Bxf6 Qxf6 21. Nd7 Nxb3 22. Nxf6+ gxf6 23. Rxb3 Bc8 24. Rb6 Rd8 25. g3 Be6 26. Nd4 Rab8 27. Rxb8 Rxb8 28. Nxe6 fxe6 29. e4 Rb2 30. Kf1 Bc5 31. exd5 exd5 32. Rxd5 Bb6 33. Rf5 Kg7 34. Ba6 Rb1+ 35. Kg2 Rb2 36. Bc8 Rc2 37. Bb7 Rc5 38. Rf3 Rc2 39. g4 Rb2 40. Bc8 h5 41. gxh5 Rxf2+ 42. Rxf2 Bxf2 43. Kxf2 Kh6 44. Bg4 f5 45. Bf3 Kg7 46. Kg3 Kh8 47. Kf4 Kg7 48. Kg5 f4 1/2-1/2

[Event "NOR-chT2"]
[Site "Moss"]
[Date "2005.05.05"]
[Round "2"]
[White "Bergvoll, Mats"]
[Black "Gupta, Sudhir Kumar"]
[Result "1-0"]
[WhiteElo "1637"]
[BlackElo "1412"]
[PlyCount "121"]
[EventDate "2005.05.04"]
[EventType "team"]
[EventRounds "5"]
[EventCountry "NOR"]
[SourceTitle "EXT 2007"]
[Source "ChessBase"]
[SourceDate "2006.11.23"]
[SourceVersion "1"]
[SourceVersionDate "2006.11.23"]
[SourceQuality "1"]

1. c4 Nf6 2. Nc3 e6 3. e4 Nc6 4. d4 Bb4 5. Qd3 d6 6. f4 e5 7. d5 Ne7 8. f5 c6 9. Be2 cxd5 10. cxd5 a6 11. g4 Nd7 12. Be3 Nc5 13. Bxc5 Bxc5 14. Nh3 Qb6 15. Rb1 Bd7 16. a3 Rc8 17. Qf3 f6 18. g5 0-0 19. gxf6 Rxf6 20. Rf1 Rcf8 21. Nf2 Nxf5 22. Ng4 Ne3 23. Nxf6+ Rxf6 24. Qh5 Nxf1 25. Bxf1 Bf2+ 26. Kd1 g6 27. Qe2 Bd4 28. Kc1 Rf2 29. Qc4 Be3+ 30. Kd1 Bg4+ 31. Be2 Bxe2+ 32. Nxe2 Rxh2 33. b4 Rh1+ 34. Kc2 Rxb1 35. Qc8+ Kg7 36. Qd7+ Kf8 37. Kxb1 h5 38. Ka2 Bg5 39. Kb1 Bd8 40. Ka2 Qc7 41. Qe6 Kg7 42. Kb3 b5 43. Kb2 Bg5 44. Nc3 Bc1+ 45. Kxc1 Qxc3+ 46. Kd1 Qd3+ 47. Kc1 Qxa3+ 48. Kc2 Qxb4 49. Qe7+ Kh6 50. Qf8+ Kg5 51. Qe7+ Kf4 52. Qf6+ Ke3 53. Qg5+ Kd4 54. Qg1+ Kc4 55. Qf1+ Kc5 56. Qf2+ Qd4 57. Qf3 a5 58. Qa3+ b4 59. Qxa5+ Kc4 60. Qa6+ Kc5 61. Qc6# 1-0

[Event "Barents Region-chB"]
[Site "Arta"]
[Date "2004.06.18"]
[Round "2"]
[White "Mikalsen, Odd Erling"]
[Black "Bergvoll, Mats"]
[Result "1-0"]
[WhiteElo "1558"]
[BlackElo "1615"]
[PlyCount "39"]
[EventDate "2004.06.18"]
[EventType "swiss"]
[EventRounds "6"]
[EventCountry "NOR"]
[SourceTitle "EXT 2007"]
[Source "ChessBase"]
[SourceDate "2006.11.23"]
[SourceVersion "1"]
[SourceVersionDate "2006.11.23"]
[SourceQuality "1"]

1. e4 c5 2. Nc3 Nc6 3. Bb5 g6 4. Bxc6 bxc6 5. f4 Bg7 6. Nf3 e6 7. d3 Ne7 8. 0-0 0-0 9. Qe1 d5 10. e5 Qb6 11. Kh1 Nf5 12. b3 Ba6 13. Ba3 Bb5 14. g4 Nh6 15. Qh4 Rfe8 16. Ng5 c4 17. bxc4 dxc4 18. Nce4 cxd3 19. Nf6+ Kh8 20. Nxf7+ 1-0